Loreto College Library, Kolkata
WEBOPAC (ONLINE PUBLIC ACCESS CATALOGUE)

Teresa Ball and Loreto education (Record no. 43057)

MARC details
000 -LEADER
fixed length control field 00674nam a22002297a 4500
005 - DATE AND TIME OF LATEST TRANSACTION
control field 20220926164011.0
008 - FIXED-LENGTH DATA ELEMENTS--GENERAL INFORMATION
fixed length control field 220926b |||||||| |||| 00| 0 eng d
020 ## - ISBN | অাই এস বি এন
ISBN | অাই এস বি এন 9781846829765
040 ## - CATALOGING SOURCE
Original cataloging agency Loreto College
041 ## - LANGUAGE CODE
Language code English
082 ## - DDC | ডিউই
Classification number | বর্গসংখ্যা 370.9415
Book Number | গ্রন্থাঙ্ক RAF
100 ## - MAIN ENTRY--PERSONAL NAME | মুখ্য সংলেখ - ব্যাক্তিনাম
Personal name | ব্যাক্তিনাম Raftery,Deirdre
245 ## - TITLE STATEMENT | অাখ্যা বিবরণী
Title | অাখ্যা Teresa Ball and Loreto education
Sub title | উপঅাখ্যা Convents and the colonial world 1794-1875
Statement of responsibility | লেখকের দায়িত্বের বিবরণ Deirdre Raftery
260 ## - IMPRINT | প্রকাশনা ক্ষেত্র
Place of publication | প্রকাশ স্থান Dublin
Name of publisher | প্রকাশকের নাম Four Courts Press
Date of publication | প্রকাশ কাল 2022
300 ## - PHYSICAL DESCRIPTION |
Page / Vol. No | পৃষ্ঠা / খন্ড সংখ্যা 211p
Other physical details | অনান্য বাহ্যিক বিবরণ 22cm
504 ## - BIBLIOGRAPHY, ETC. NOTE
Bibliography, etc Includes bibliographical references and index
600 ## - SUBJECT ADDED ENTRY--PERSONAL NAME | বিষয় শিরোনাম - ব্যাক্তিনাম
Personal name | ব্যাক্তিনাম Ball,Teresa
650 ## - SUBJECT ADDED ENTRY--TOPICAL TERM | বিষয় শিরোনাম - মূল বিষয়
Topical term | মূল বিষয় Ball,Teresa - Education
650 ## - SUBJECT ADDED ENTRY--TOPICAL TERM | বিষয় শিরোনাম - মূল বিষয়
Topical term | মূল বিষয় Education
Geographic subdivision | ভৌগলিক বিভাগ Ireland
850 ## - HOLDING INSTITUTION
Holding institution LCLIB
942 ## - ADDED ENTRY ELEMENTS (KOHA)
Koha item type Books
Holdings
Withdrawn status Lost status Source of classification Damaged status Not for loan Home library Current library Date acquired Total Checkouts Full call number Accession No. Date last seen Price effective from Koha item type Coded location qualifier Shelving location
    Dewey Decimal Classification     Loreto College Loreto College 26/09/2022   370.9415 RAF 54234 47127 26/09/2022 26/09/2022 Books    
    Dewey Decimal Classification     Loreto College Loreto College 26/09/2022   370.9415 RAF 54235 47128 26/09/2022 26/09/2022 Books   Press(Special)